[Event "Alberta Over/Under 1800"]
[Site "Calgary CAN"]
[Date "2019.08.17"]
[Round "2"]
[White "Miller, David"]
[Black "Findlay, Ian"]
[Result "0-1"]
[WhiteElo "2168"]
[BlackElo "2354"]
[PlyCount "118"]
[EventDate "2019.08.17"]
[EventType "swiss"]
[EventRounds "5"]
[EventCountry "CAN"]

1. e4 c5 2. Nf3 d6 3. d4 cxd4 4. Nxd4 Nf6 5. Nc3 g6 6. Be3 Bg7 7. f3 Nc6 8. Qd2
O-O 9. O-O-O d5 10. Qe1 e5 11. Nxc6 bxc6 12. exd5 Nxd5 13. Bc4 Be6 14. Ne4 Qc7
15. Bc5 Rfd8 16. Qh4 h6 17. g4 Rab8 18. g5 h5 19. Nf6+ Nxf6 20. gxf6 Bh6+ 21.
Kb1 Rxd1+ 22. Rxd1 Rd8 23. Rg1 Bxc4 24. Qxc4 Rd5 25. a3 Qd7 26. Ka2 Kh7 27. Be7
Kg8 28. Qe4 Kh7 29. Qc4 Be3 30. Re1 Bf4 31. Re2 Qb7 32. Qb3 Qxb3+ 33. Kxb3 g5
34. Rg2 Kg6 35. Kc4 Kf5 36. b4 e4 37. fxe4+ Kxe4 38. Bc5 a6 39. Re2+ Kf5 40.
Bd4 g4 41. Re7 Kg6 42. Re2 h4 43. Kd3 Kf5 44. c4 Rd8 45. a4 g3 46. hxg3 hxg3
47. Kc3 Bg5 48. b5 cxb5 49. axb5 axb5 50. cxb5 Bxf6 51. Bxf6 Kxf6 52. Rg2 Rg8
53. Kd4 Kf5 54. Ke3 Kg4 55. b6 Re8+ 56. Kd3 Kf3 57. Rc2 Rd8+ 58. Kc4 g2 59.
Rc3+ Kf4 0-1

[Event "Alberta Over/Under 1800"]
[Site "Calgary CAN"]
[Date "2019.08.18"]
[Round "4"]
[White "Arruebarrena, Rafael"]
[Black "Findlay, Ian"]
[Result "1/2-1/2"]
[WhiteElo "2327"]
[BlackElo "2354"]
[PlyCount "53"]
[EventDate "2019.08.17"]
[EventType "swiss"]
[EventRounds "5"]
[EventCountry "CAN"]

1. Nf3 Nf6 2. c4 e6 3. g3 d5 4. Bg2 Be7 5. O-O O-O 6. b3 c5 7. Bb2 Nc6 8. e3 b6
9. Nc3 Ba6 10. Qe2 Qd7 11. d4 cxd4 12. exd4 Rac8 13. Ne5 Qe8 14. Nxc6 Qxc6 15.
Rfe1 Qd7 16. Nxd5 Nxd5 17. Bxd5 Bb4 18. Be4 Bxe1 19. Rxe1 Bb7 20. d5 exd5 21.
Bxh7+ Kxh7 22. Qh5+ Kg8 23. Bxg7 Kxg7 24. Qg5+ Kh7 25. Qh5+ Kg7 26. Qg5+ Kh7
27. Qh5+ 1/2-1/2

[Event "Alberta Over/Under 1800"]
[Site "Calgary CAN"]
[Date "2019.08.18"]
[Round "5"]
[White "Findlay, Ian"]
[Black "McDonald, Mike"]
[Result "1-0"]
[WhiteElo "2354"]
[BlackElo "1805"]
[PlyCount "61"]
[EventDate "2019.08.17"]
[EventType "swiss"]
[EventRounds "5"]
[EventCountry "CAN"]

1. e4 c5 2. Nf3 d6 3. d4 cxd4 4. Nxd4 Nf6 5. Nc3 a6 6. h3 e5 7. Nb3 Be7 8. g4
h6 9. Bg2 Be6 10. f4 exf4 11. Bxf4 Nc6 12. Qe2 Ne5 13. O-O-O Nfxg4 14. hxg4
Bxg4 15. Qd2 Bxd1 16. Rxd1 O-O 17. Kb1 g5 18. Bxe5 dxe5 19. Qe2 Qc8 20. Nd5 Bd8
21. Qh5 Kg7 22. Ne3 Rh8 23. Bh3 Qc6 24. Rd7 Qg6 25. Nf5+ Kg8 26. Qd1 Qb6 27.
Qd5 Rh7 28. a4 Bf6 29. Rd6 Qg1+ 30. Ka2 Bg7 31. Ne7+ 1-0

[Event "Alberta-ch"]
[Site "Calgary CAN"]
[Date "2019.04.19"]
[Round "1"]
[White "Malek, Omid"]
[Black "Arruebarrena, Rafael"]
[Result "1-0"]
[WhiteElo "2276"]
[BlackElo "2350"]
[PlyCount "121"]
[EventDate "2019.04.19"]
[EventType "tourn"]
[EventRounds "5"]
[EventCountry "CAN"]
[EventCategory "2"]

1. d4 Nf6 2. Bf4 d5 3. e3 e6 4. Nf3 c5 5. c3 Nc6 6. Nbd2 cxd4 7. exd4 Nh5 8.
Be3 Bd6 9. Ne5 g6 10. Nd3 Qe7 11. g3 O-O 12. Bg2 Bd7 13. O-O Na5 14. Nf3 Bb5
15. Re1 Rfc8 16. Bc1 Nc4 17. Nfe5 f6 18. Ng4 Re8 19. Qf3 f5 20. Nge5 Nxe5 21.
Nxe5 Nf6 22. Bf4 Ne4 23. Qe3 Qd8 24. h4 Bf8 25. f3 Nd6 26. Bf1 Bxf1 27. Rxf1
Rc8 28. Rf2 Nc4 29. Nxc4 Rxc4 30. h5 Bg7 31. Re1 Qb6 32. Kg2 gxh5 33. Be5 Bxe5
34. Qxe5 Qc7 35. Qf6 Qf7 36. Qh4 Qg6 37. Rfe2 Rc6 38. Rh1 b5 39. a3 a5 40. Qxh5
b4 41. axb4 axb4 42. Qh4 bxc3 43. bxc3 Rxc3 44. Qf4 Qg7 45. Rh5 Kf7 46. Qh4 Rh8
47. Rxf5+ exf5 48. Re7+ Kg6 49. Rxg7+ Kxg7 50. Qg5+ Kf7 51. Qxf5+ Kg7 52. Qe5+
Kg8 53. Qxd5+ Kg7 54. Qe5+ Kg8 55. d5 Rc8 56. d6 Kf7 57. Qe7+ Kg6 58. d7 Ra8
59. g4 Rhb8 60. Kg3 h6 61. f4 1-0

[Event "Alberta-ch"]
[Site "Calgary CAN"]
[Date "2019.04.19"]
[Round "1"]
[White "Miller, David"]
[Black "Haessel, Dale"]
[Result "1/2-1/2"]
[WhiteElo "2166"]
[BlackElo "2261"]
[PlyCount "62"]
[EventDate "2019.04.19"]
[EventType "tourn"]
[EventRounds "5"]
[EventCountry "CAN"]
[EventCategory "2"]

1. d4 Nf6 2. c4 g6 3. Nc3 d5 4. cxd5 Nxd5 5. e4 Nxc3 6. bxc3 Bg7 7. Bc4 c5 8.
Ne2 O-O 9. Be3 Nc6 10. O-O Bg4 11. f3 Bd7 12. Qd2 Qc7 13. dxc5 Na5 14. Bd3 Rfd8
15. Qc2 e5 16. Nc1 Be6 17. Rd1 Nc4 18. Bxc4 Bxc4 19. Nb3 Bf8 20. Qf2 Rxd1+ 21.
Rxd1 a5 22. Nd2 Be6 23. c4 Rc8 24. Rb1 Bxc5 25. Bxc5 Qxc5 26. Qxc5 Rxc5 27.
Rxb7 Bxc4 28. Nxc4 Rxc4 29. Rb2 h5 30. Kf2 Ra4 31. Ke3 Kf8 1/2-1/2

[Event "Alberta-ch"]
[Site "Calgary CAN"]
[Date "2019.04.19"]
[Round "1"]
[White "Zhao, Ian"]
[Black "Ng, Gary"]
[Result "1/2-1/2"]
[WhiteElo "2281"]
[BlackElo "2388"]
[PlyCount "120"]
[EventDate "2019.04.19"]
[EventType "tourn"]
[EventRounds "5"]
[EventCountry "CAN"]
[EventCategory "2"]

1. e4 c5 2. Nf3 d6 3. d4 cxd4 4. Nxd4 Nf6 5. Nc3 a6 6. h3 g6 7. g4 h5 8. g5
Nfd7 9. Be3 Bg7 10. Qd2 b5 11. f4 Bb7 12. O-O-O O-O 13. Bg2 Nb6 14. b3 b4 15.
Nd5 Nxd5 16. exd5 a5 17. f5 a4 18. fxg6 axb3 19. gxf7+ Rxf7 20. cxb3 Qa5 21.
Kb1 Bxd5 22. Rhf1 Rxf1 23. Rxf1 Bxg2 24. Qxg2 Qa6 25. Rd1 Nd7 26. Nc6 Re8 27.
Qd5+ Kh8 28. Qf3 Ra8 29. Qxh5+ Kg8 30. Nxe7+ Kf8 31. Ng6+ Kg8 32. Ne7+ Kf8 33.
Ng6+ Kg8 34. Rd2 Qf1+ 35. Qd1 Qf5+ 36. Qc2 Qf1+ 37. Rd1 Qxh3 38. Qc4+ Kh7 39.
Qe4 d5 40. Nf4+ dxe4 41. Nxh3 Nf8 42. Nf4 Be5 43. Nd5 Rb8 44. Rc1 Rb5 45. Ne7
Ng6 46. Rc5 Rxc5 47. Bxc5 Nxe7 48. Bxe7 Kg6 49. Kc2 Bf4 50. Bxb4 Kxg5 51. a4
Kf5 52. a5 Be3 53. Bd6 Ke6 54. Bb8 Kd7 55. Kc3 Kc8 56. Bg3 Kb7 57. Kc4 Bd2 58.
Kb5 e3 59. a6+ Ka8 60. Bf4 Bc1 1/2-1/2

[Event "Alberta-ch"]
[Site "Calgary CAN"]
[Date "2019.04.20"]
[Round "2"]
[White "Arruebarrena, Rafael"]
[Black "Zhao, Ian"]
[Result "1/2-1/2"]
[WhiteElo "2350"]
[BlackElo "2281"]
[PlyCount "60"]
[EventDate "2019.04.19"]
[EventType "tourn"]
[EventRounds "5"]
[EventCountry "CAN"]
[EventCategory "2"]

1. e4 e5 2. Nf3 Nc6 3. Bb5 a6 4. Ba4 Nf6 5. O-O Be7 6. d3 b5 7. Bb3 d6 8. a3
O-O 9. Nc3 Na5 10. Ba2 Be6 11. b4 Bxa2 12. Nxa2 Nc6 13. c4 Qd7 14. Nc3 Rab8 15.
Nd5 Bd8 16. Bd2 Nd4 17. Nxf6+ Bxf6 18. Nxd4 exd4 19. Qc2 c6 20. a4 Rfc8 21.
axb5 axb5 22. cxb5 Rxb5 23. Rfc1 c5 24. Ra6 Rcb8 25. Qa4 cxb4 26. Bxb4 Be5 27.
Ra8 Qe6 28. Ra1 R5b7 29. Qa7 Qc8 30. Rxb8 Rxb8 1/2-1/2

[Event "Alberta-ch"]
[Site "Calgary CAN"]
[Date "2019.04.20"]
[Round "2"]
[White "Haessel, Dale"]
[Black "Ng, Gary"]
[Result "1-0"]
[WhiteElo "2261"]
[BlackElo "2388"]
[PlyCount "89"]
[EventDate "2019.04.19"]
[EventType "tourn"]
[EventRounds "5"]
[EventCountry "CAN"]
[EventCategory "2"]

1. d4 Nf6 2. c4 e6 3. Nc3 Bb4 4. e3 O-O 5. Bd3 c5 6. Nge2 d5 7. cxd5 Nxd5 8. e4
cxd4 9. exd5 dxc3 10. bxc3 Bd6 11. dxe6 Bxe6 12. Nd4 Qh4 13. Nxe6 fxe6 14. Be3
Be5 15. Qb3 Nc6 16. h3 Qf6 17. O-O Na5 18. Qa3 b6 19. Rac1 Rac8 20. Qb4 Rxc3
21. Rxc3 Bxc3 22. Qg4 Kh8 23. Rc1 Be5 24. Rc2 Bd6 25. g3 Qf3 26. Qxf3 Rxf3 27.
Bf4 Bc5 28. Be4 Ra3 29. Rd2 Kg8 30. Bb1 Nc4 31. Rd8+ Kf7 32. Kg2 h6 33. Rd7+
Kf6 34. Bc7 Be7 35. Bb8 a5 36. Rd4 b5 37. Rf4+ Kg5 38. Rg4+ Kf6 39. Rf4+ Kg5
40. h4+ Kh5 41. f3 Ne3+ 42. Kh3 g5 43. Re4 gxh4 44. Rxe6 hxg3 45. Bg6+ 1-0

[Event "Alberta-ch"]
[Site "Calgary CAN"]
[Date "2019.04.20"]
[Round "2"]
[White "Miller, David"]
[Black "Malek, Omid"]
[Result "1/2-1/2"]
[WhiteElo "2166"]
[BlackElo "2276"]
[PlyCount "108"]
[EventDate "2019.04.19"]
[EventType "tourn"]
[EventRounds "5"]
[EventCountry "CAN"]
[EventCategory "2"]

1. e4 e6 2. d4 d5 3. Nc3 Nc6 4. Nf3 Nf6 5. Bd3 Nb4 6. Bg5 Be7 7. e5 Nd7 8. Bxe7
Qxe7 9. O-O a6 10. Re1 c5 11. Bf1 Nc6 12. Ne2 O-O 13. c3 f6 14. exf6 Qxf6 15.
dxc5 Nxc5 16. Ned4 Ne4 17. Bd3 Nd6 18. Qc2 h6 19. Nxc6 bxc6 20. Ne5 Ne4 21.
Bxe4 dxe4 22. Rxe4 c5 23. Re3 Bb7 24. Nd7 Qg5 25. Rg3 Qf5 26. Qxf5 Rxf5 27. Rd1
Kh8 28. Rgd3 Rg5 29. g3 c4 30. f4 Ra5 31. Rd6 Rxa2 32. Rb6 Be4 33. Ne5 Bc2 34.
Rd2 Ra1+ 35. Kf2 Rh1 36. Ke3 Bf5 37. Nxc4 g5 38. fxg5 hxg5 39. Nd6 Bg6 40. Rf2
Rd1 41. Nf7+ Kg8 42. Ne5 Bb1 43. Rd2 Re1+ 44. Re2 Rd1 45. Rxe6 Rf8 46. c4 Bf5
47. Re7 Rb8 48. g4 Bb1 49. Kf2 Rf8+ 50. Kg2 Rf4 51. h3 Be4+ 52. Kh2 Rh1+ 53.
Kg3 Rg1+ 54. Kh2 Rh1+ 1/2-1/2

[Event "Alberta-ch"]
[Site "Calgary CAN"]
[Date "2019.04.20"]
[Round "3"]
[White "Malek, Omid"]
[Black "Haessel, Dale"]
[Result "1-0"]
[WhiteElo "2276"]
[BlackElo "2261"]
[PlyCount "67"]
[EventDate "2019.04.19"]
[EventType "tourn"]
[EventRounds "5"]
[EventCountry "CAN"]
[EventCategory "2"]

1. d4 Nf6 2. Bf4 g6 3. Nf3 Bg7 4. e3 O-O 5. Be2 d6 6. h3 Nbd7 7. Nc3 b6 8. a4
Bb7 9. O-O a6 10. Qd3 Qe8 11. Qc4 c5 12. d5 Nh5 13. Bh2 Bxc3 14. bxc3 b5 15.
axb5 axb5 16. Qb3 Nhf6 17. e4 Nxe4 18. Bxb5 Qc8 19. c4 f5 20. Bf4 Ba6 21. Bh6
Rd8 22. Qb2 Ndf6 23. Ng5 Bxb5 24. cxb5 c4 25. Ne6 Rd7 26. Qd4 Rxa1 27. Rxa1 Rb7
28. Qxc4 Nc5 29. Nd4 Kf7 30. f3 Rb8 31. Nc6 Rb7 32. Re1 Qa8 33. Bg5 Qa3 34.
Nd8+ 1-0

[Event "Alberta-ch"]
[Site "Calgary CAN"]
[Date "2019.04.20"]
[Round "3"]
[White "Ng, Gary"]
[Black "Arruebarrena, Rafael"]
[Result "1/2-1/2"]
[WhiteElo "2388"]
[BlackElo "2350"]
[PlyCount "54"]
[EventDate "2019.04.19"]
[EventType "tourn"]
[EventRounds "5"]
[EventCountry "CAN"]
[EventCategory "2"]

1. Nf3 Nf6 2. c4 b6 3. g3 Bb7 4. Bg2 e6 5. O-O Be7 6. b3 O-O 7. Bb2 c5 8. Nc3
d5 9. e3 Nc6 10. cxd5 Nxd5 11. Nxd5 Qxd5 12. Ne5 Qd6 13. d4 Qc7 14. Nxc6 Bxc6
15. Bxc6 Qxc6 16. dxc5 Qxc5 17. Rc1 Qf5 18. Rc7 Rfd8 19. Qa1 Bf8 20. Bd4 h5 21.
h4 Rd5 22. Qc1 e5 23. Bb2 Rad8 24. Ba3 Qf3 25. Rc8 Bxa3 26. Rxd8+ Rxd8 27. Qxa3
Qb7 1/2-1/2

[Event "Alberta-ch"]
[Site "Calgary CAN"]
[Date "2019.04.20"]
[Round "3"]
[White "Zhao, Ian"]
[Black "Miller, David"]
[Result "1-0"]
[WhiteElo "2281"]
[BlackElo "2166"]
[PlyCount "61"]
[EventDate "2019.04.19"]
[EventType "tourn"]
[EventRounds "5"]
[EventCountry "CAN"]
[EventCategory "2"]

1. e4 e6 2. d4 d5 3. Nd2 h6 4. c3 c5 5. Ngf3 Nf6 6. Bd3 Nc6 7. e5 Nd7 8. O-O g5
9. b3 g4 10. Ne1 cxd4 11. cxd4 h5 12. Bb2 Qb6 13. Nc2 a5 14. a4 Bh6 15. Qe2 Nb4
16. Nxb4 Qxb4 17. Rfd1 Bxd2 18. Rxd2 Qxb3 19. Bb5 Qb4 20. Ba3 Qc3 21. Qd1 Qc7
22. Rc2 Qd8 23. Rac1 f5 24. exf6 Kf7 25. Be7 Qg8 26. Rc7 Nxf6 27. Bxf6+ Kxf6
28. Qd2 e5 29. dxe5+ Ke6 30. Qd4 Qf8 31. Qb6+ 1-0

[Event "Alberta-ch"]
[Site "Calgary CAN"]
[Date "2019.04.21"]
[Round "4"]
[White "Haessel, Dale"]
[Black "Arruebarrena, Rafael"]
[Result "0-1"]
[WhiteElo "2261"]
[BlackElo "2350"]
[PlyCount "78"]
[EventDate "2019.04.19"]
[EventType "tourn"]
[EventRounds "5"]
[EventCountry "CAN"]
[EventCategory "2"]

1. d4 Nf6 2. c4 e6 3. Nc3 Bb4 4. e3 O-O 5. Bd3 d5 6. cxd5 exd5 7. Nge2 Re8 8.
Bd2 c5 9. a3 Bxc3 10. Bxc3 c4 11. Bc2 Bg4 12. O-O Nc6 13. Qd2 Bxe2 14. Qxe2 b5
15. f3 a5 16. Rad1 Qb6 17. Qf2 b4 18. Bd2 Re7 19. Bc1 Rb8 20. g4 c3 21. bxc3 b3
22. Bb1 b2 23. Bd2 Qb3 24. e4 dxe4 25. g5 e3 26. Qh4 Nh5 27. Bxe3 Rxe3 28. Qxh5
g6 29. Qg4 Qxc3 30. Ba2 Qxa3 31. Bd5 Ne7 32. Bxf7+ Kxf7 33. Qf4+ Kg7 34. Qxb8
Re2 35. d5 Qe3+ 36. Kh1 Qxg5 37. Rg1 Qf6 38. Rgf1 a4 39. Qb5 Qe5 0-1

[Event "Alberta-ch"]
[Site "Calgary CAN"]
[Date "2019.04.21"]
[Round "4"]
[White "Malek, Omid"]
[Black "Zhao, Ian"]
[Result "1/2-1/2"]
[WhiteElo "2276"]
[BlackElo "2281"]
[PlyCount "94"]
[EventDate "2019.04.19"]
[EventType "tourn"]
[EventRounds "5"]
[EventCountry "CAN"]
[EventCategory "2"]

1. d4 Nf6 2. Bf4 e6 3. e3 c5 4. c3 d5 5. Nd2 Bd6 6. Bg3 Qc7 7. Ngf3 Nbd7 8.
Bxd6 Qxd6 9. dxc5 Nxc5 10. Nc4 Qc7 11. Nce5 O-O 12. Nd3 b6 13. Be2 Bb7 14. O-O
Rfd8 15. Rc1 Rac8 16. Re1 h6 17. h3 Ncd7 18. Nh2 e5 19. Qa4 Nc5 20. Qh4 Re8 21.
Rcd1 a5 22. Ng4 Nxg4 23. hxg4 Ne6 24. Qh2 Ng5 25. Nc1 Bc6 26. Bd3 Qe7 27. Ne2
Qc5 28. Ng3 Bb5 29. Bb1 Ba4 30. Rc1 Bd7 31. Bf5 Rcd8 32. Red1 Bxf5 33. gxf5 b5
34. f6 Qc6 35. fxg7 Kxg7 36. Qh4 Rd7 37. Qg4 Qe6 38. Qe2 Rb8 39. e4 dxe4 40.
Rxd7 Qxd7 41. Rd1 Qc7 42. Qh5 Rb6 43. Qg4 Re6 44. Qf5 b4 45. cxb4 axb4 46. Nxe4
Qc2 47. Rd7 Qxe4 1/2-1/2

[Event "Alberta-ch"]
[Site "Calgary CAN"]
[Date "2019.04.21"]
[Round "4"]
[White "Miller, David"]
[Black "Ng, Gary"]
[Result "0-1"]
[WhiteElo "2166"]
[BlackElo "2388"]
[PlyCount "92"]
[EventDate "2019.04.19"]
[EventType "tourn"]
[EventRounds "5"]
[EventCountry "CAN"]
[EventCategory "2"]

1. e4 c5 2. Nf3 d6 3. d4 cxd4 4. Nxd4 Nf6 5. Nc3 a6 6. Bg5 Nbd7 7. Bc4 h6 8.
Bxf6 Nxf6 9. Qe2 Qc7 10. O-O-O g6 11. Nd5 Nxd5 12. exd5 Bg7 13. Bb3 O-O 14. h4
Qc5 15. c3 b5 16. Nc6 Re8 17. h5 g5 18. Rhe1 Bd7 19. Nxe7+ Kf8 20. Rd3 Be5 21.
Nc6 Bxc3 22. Rxc3 Rxe2 23. Rxe2 Qb6 24. Kb1 Bg4 25. Ree3 Bxh5 26. Bc2 Re8 27.
a3 Rxe3 28. fxe3 Qb7 29. Bf5 Bg6 30. Bxg6 fxg6 31. e4 Qb6 32. Rf3+ Kg7 33. Ka2
g4 34. Rf4 g3 35. Rf3 Qf2 36. Rd3 Qxg2 37. e5 dxe5 38. Nxe5 Qe4 39. d6 Qxe5 40.
d7 Qe6+ 41. Ka1 g2 42. d8=Q g1=Q+ 43. Rd1 Qa7 44. Rf1 Qae7 45. Qd4+ Qe5 46. Qb6
Qxa3+ 0-1

[Event "Alberta-ch"]
[Site "Calgary CAN"]
[Date "2019.04.21"]
[Round "5"]
[White "Arruebarrena, Rafael"]
[Black "Miller, David"]
[Result "1/2-1/2"]
[WhiteElo "2350"]
[BlackElo "2166"]
[PlyCount "139"]
[EventDate "2019.04.19"]
[EventType "tourn"]
[EventRounds "5"]
[EventCountry "CAN"]
[EventCategory "2"]

1. e4 c5 2. Nf3 d6 3. d4 cxd4 4. Nxd4 Nf6 5. Nc3 a6 6. Bd3 g6 7. h3 Bg7 8. Be3
Nc6 9. O-O O-O 10. Re1 d5 11. exd5 Nb4 12. Nb3 Nfxd5 13. Nxd5 Qxd5 14. Bc5 Nxd3
15. Qxd3 Qxd3 16. cxd3 Re8 17. d4 Be6 18. Rad1 Bd5 19. Rxe7 Rxe7 20. Bxe7 Re8
21. Bb4 Re2 22. Bc3 b5 23. Nc5 a5 24. Bxa5 Rxb2 25. a3 Rc2 26. Nd7 Bb3 27. Bb6
Rc6 28. Re1 Be6 29. d5 Rd6 30. dxe6 fxe6 31. Bc5 Rxd7 32. Rxe6 Rd5 33. Bb4 Bd4
34. Rd6 Rxd6 35. Bxd6 Kf7 36. Kf1 Ke6 37. Bf8 Kd5 38. Ke2 Kc4 39. f4 h5 40. g4
hxg4 41. hxg4 Bb2 42. Be7 Bc1 43. Kf3 Kd5 44. Bb4 Bb2 45. Be7 Bc1 46. Bf8 Bd2
47. f5 gxf5 48. gxf5 Ke5 49. Kg4 Kf6 50. Bd6 Bc1 51. Bb4 Bb2 52. Kf4 Bc1+ 53.
Ke4 Bb2 54. Bd6 Bc1 55. Bc5 Bb2 56. Bd4+ Bxd4 57. Kxd4 Kxf5 58. Kd5 Kf6 59. Kd6
Kf7 60. Kd7 Kf6 61. Kc6 Ke6 62. Kxb5 Kd7 63. Kb6 Kc8 64. Ka7 Kc7 65. a4 Kc8 66.
a5 Kc7 67. a6 Kc8 68. Kb6 Kb8 69. a7+ Ka8 70. Ka6 1/2-1/2

[Event "Alberta-ch"]
[Site "Calgary CAN"]
[Date "2019.04.21"]
[Round "5"]
[White "Ng, Gary"]
[Black "Malek, Omid"]
[Result "0-1"]
[WhiteElo "2388"]
[BlackElo "2276"]
[PlyCount "62"]
[EventDate "2019.04.19"]
[EventType "tourn"]
[EventRounds "5"]
[EventCountry "CAN"]
[EventCategory "2"]

1. Nf3 d5 2. c4 c6 3. e3 Nf6 4. d4 e6 5. Bd3 Nbd7 6. O-O Be7 7. Nbd2 b6 8. Rb1
c5 9. cxd5 Nxd5 10. a3 O-O 11. Qc2 h6 12. Ne4 cxd4 13. exd4 Bb7 14. Qe2 Qc7 15.
g3 Rac8 16. Bd2 Qb8 17. Rbd1 Rfd8 18. Rfe1 Rf8 19. h4 N5f6 20. Bf4 Qa8 21. Ne5
Rcd8 22. f3 Nxe5 23. Bxe5 Nxe4 24. Bxe4 Bd6 25. Bxb7 Qxb7 26. Qe4 Qd7 27. Qg4
Bxe5 28. Rxe5 Qa4 29. Rd2 Qc4 30. Qe4 Rd5 31. Rxd5 Qc1+ 0-1

[Event "Alberta-ch"]
[Site "Calgary CAN"]
[Date "2019.04.21"]
[Round "5"]
[White "Zhao, Ian"]
[Black "Haessel, Dale"]
[Result "1-0"]
[WhiteElo "2281"]
[BlackElo "2261"]
[PlyCount "67"]
[EventDate "2019.04.19"]
[EventType "tourn"]
[EventRounds "5"]
[EventCountry "CAN"]
[EventCategory "2"]

1. e4 e5 2. Nf3 Nc6 3. Bc4 Nf6 4. d3 h6 5. O-O d6 6. c3 g5 7. Re1 Bg7 8. a4 O-O
9. h3 Ne7 10. Nbd2 Ng6 11. Nf1 d5 12. Bb3 Be6 13. Ng3 Qd7 14. exd5 Nxd5 15. Nh5
Ndf4 16. Bxf4 Bxb3 17. Qxb3 exf4 18. Nxg7 Kxg7 19. Qxb7 Qxd3 20. Qxc7 Qc2 21.
Nd4 Qxb2 22. Ne6+ Kg8 23. Nxf8 Rxf8 24. Reb1 Qc2 25. Rc1 Qe4 26. Re1 Qf5 27.
Qxa7 Nh4 28. a5 g4 29. Qe7 Qh5 30. Re5 f5 31. a6 gxh3 32. a7 Nf3+ 33. gxf3 h2+
34. Kg2 1-0

[Event "Alberta-ch Seniors"]
[Site "Edmonton CAN"]
[Date "2019.05.11"]
[Round "1"]
[White "Daniluk, Jim"]
[Black "Haessel, Dale"]
[Result "0-1"]
[WhiteElo "1879"]
[BlackElo "2257"]
[PlyCount "97"]
[EventDate "2019.05.11"]
[EventType "swiss"]
[EventRounds "5"]
[EventCountry "CAN"]

1. d4 Nf6 2. c4 g6 3. g3 c6 4. Bg2 d5 5. Nd2 Bg7 6. Ngf3 O-O 7. O-O Ne4 8. e3
Bf5 9. Qb3 Qb6 10. Qxb6 axb6 11. cxd5 cxd5 12. Nh4 Nc6 13. g4 Bxg4 14. Nxe4
dxe4 15. Bxe4 e5 16. d5 Ne7 17. f3 Bh3 18. Rd1 Rfd8 19. d6 Nc6 20. Bxc6 bxc6
21. e4 Bf8 22. Be3 c5 23. Bg5 Rxd6 24. Rxd6 Bxd6 25. Bf6 h6 26. Rd1 Bc7 27. a3
Re8 28. Ng2 Re6 29. Bd8 Bxd8 30. Rxd8+ Kg7 31. Ne3 Rc6 32. Nc4 Kf6 33. Rb8 Be6
34. Rxb6 Rc8 35. b3 Kg5 36. Nxe5 Kf4 37. Nxf7 Re8 38. Kf2 h5 39. a4 g5 40. a5
g4 41. fxg4 hxg4 42. a6 Re7 43. a7 Rxa7 44. Rxe6 Rxf7 45. Re8 Rb7 46. Rc8 Rb5
47. Rc6 Kxe4 48. Kg3 Rxb3+ 49. Kxg4 {missing moves} 0-1

[Event "Alberta-ch Seniors"]
[Site "Edmonton CAN"]
[Date "2019.05.11"]
[Round "1"]
[White "Findlay, Ian"]
[Black "Purewal, Sardul"]
[Result "1-0"]
[WhiteElo "2364"]
[BlackElo "1967"]
[PlyCount "91"]
[EventDate "2019.05.11"]
[EventType "swiss"]
[EventRounds "5"]
[EventCountry "CAN"]

1. e4 e5 2. Nf3 Nf6 3. Nxe5 d6 4. Nf3 Nxe4 5. d4 d5 6. Bd3 Bf5 7. O-O Be7 8.
Re1 O-O 9. Nc3 Nxc3 10. bxc3 Bxd3 11. Qxd3 c6 12. c4 dxc4 13. Qxc4 Nd7 14. Rb1
Nb6 15. Qd3 Re8 16. c4 c5 17. d5 Bd6 18. Be3 Qd7 19. Ng5 g6 20. Ne4 Qf5 21.
Nxc5 Qxd3 22. Nxd3 Nxc4 23. Rxb7 Nb6 24. Bxb6 Rxe1+ 25. Nxe1 axb6 26. Rxb6 Bc5
27. Rb2 Kf8 28. Kf1 Ke7 29. Nd3 Bd4 30. Rb4 Bh8 31. Rb7+ Kd8 32. a4 Ba1 33. Rb4
Kd7 34. Rf4 f6 35. Rh4 h5 36. Rb4 g5 37. h4 Kd6 38. Ke2 Ra5 39. hxg5 fxg5 40.
Rb6+ Kd7 41. Rh6 h4 42. d6 Kc6 43. Rg6 Rxa4 44. d7+ Kc7 45. Nc5 Rd4 46. Rxg5
1-0

[Event "Alberta-ch Seniors"]
[Site "Edmonton CAN"]
[Date "2019.05.11"]
[Round "1"]
[White "Scholz, Mike"]
[Black "Karmali, Hafiz"]
[Result "0-1"]
[WhiteElo "1441"]
[BlackElo "2039"]
[PlyCount "106"]
[EventDate "2019.05.11"]
[EventType "swiss"]
[EventRounds "5"]
[EventCountry "CAN"]

1. e4 e6 2. Nc3 d5 3. d4 Nf6 4. e5 Nfd7 5. Nf3 c5 6. Bb5 Nc6 7. Bxc6 bxc6 8.
O-O Rb8 9. b3 cxd4 10. Qxd4 Qc7 11. Bf4 Rb4 12. Qd2 Be7 13. Ne2 Ba6 14. Rfe1 c5
15. c3 Rb8 16. Ng3 O-O 17. Bg5 Bxg5 18. Qxg5 Bd3 19. Qe3 Bg6 20. Nh4 a5 21.
Nxg6 fxg6 22. Ne2 Qxe5 23. Qxe5 Nxe5 24. Ng3 Nd3 25. Rxe6 Nxf2 26. Re5 Rbd8 27.
c4 d4 28. Rxc5 d3 29. Nf1 d2 30. Nxd2 Rxd2 31. Rxa5 Ng4 32. Rd5 Re2 33. Rf1
Rxa2 34. Rxf8+ Kxf8 35. Rd1 Ne3 36. Rb1 Rxg2+ 37. Kh1 Rc2 38. Kg1 g5 39. Re1
Ng4 40. h3 Nf6 41. Re3 h5 42. Rd3 Kf7 43. Rd4 Rc3 44. b4 Rxh3 45. b5 Rb3 46.
Rd6 Ke7 47. Rb6 Nd7 48. Rc6 Ne5 49. Rc7+ Kf6 50. Rc5 Rb4 51. Kh1 Rxc4 52. b6
Rxc5 53. b7 Rb5 0-1

[Event "Alberta-ch Seniors"]
[Site "Edmonton CAN"]
[Date "2019.05.11"]
[Round "2"]
[White "Daniluk, Jim"]
[Black "Booker, Brad"]
[Result "0-1"]
[WhiteElo "1879"]
[BlackElo "2144"]
[PlyCount "36"]
[EventDate "2019.05.11"]
[EventType "swiss"]
[EventRounds "5"]
[EventCountry "CAN"]

1. d4 Nf6 2. Nf3 g6 3. Nc3 d5 4. Bf4 Bg7 5. h3 O-O 6. e3 c5 7. Ne5 Nc6 8. Be2
cxd4 9. exd4 Qb6 10. Nb5 a6 11. Nxc6 bxc6 12. Nc3 Qxb2 13. Na4 Qa3 14. c3 Ne4
15. Qc2 Bf5 16. g4 Nxc3 17. Qxc3 Qxa4 18. gxf5 Bxd4 0-1

[Event "Alberta-ch Seniors"]
[Site "Edmonton CAN"]
[Date "2019.05.11"]
[Round "2"]
[White "Karmali, Hafiz"]
[Black "Findlay, Ian"]
[Result "0-1"]
[WhiteElo "2039"]
[BlackElo "2364"]
[PlyCount "104"]
[EventDate "2019.05.11"]
[EventType "swiss"]
[EventRounds "5"]
[EventCountry "CAN"]

1. e4 c5 2. Nc3 Nc6 3. g3 g6 4. Bg2 Bg7 5. f4 e6 6. Nge2 Nge7 7. O-O O-O 8. d3
Nd4 9. Kh1 d6 10. Nxd4 cxd4 11. Ne2 Bd7 12. c3 Nc6 13. cxd4 Nxd4 14. Be3 Nxe2
15. Qxe2 Qa5 16. Bd2 Qa6 17. Bc3 Rac8 18. Qd2 f5 19. Rfc1 e5 20. fxe5 dxe5 21.
d4 exd4 22. Bxd4 Qd6 23. Rd1 Bxd4 24. Qxd4 Qxd4 25. Rxd4 Bc6 26. Rad1 fxe4 27.
Bxe4 Bxe4+ 28. Rxe4 Rc2 29. Rb4 b6 30. Rbd4 Rff2 31. Rd8+ Kg7 32. R8d7+ Kh6 33.
Rxa7 Rxh2+ 34. Kg1 Rcg2+ 35. Kf1 Rxb2 36. Kg1 Rxa2 37. Rxa2 Rxa2 38. Rb1 Ra6
39. Rb5 Kg7 40. Kf2 Kf6 41. Ke3 Ke6 42. Rb4 Kd6 43. Rd4+ Kc6 44. Ke4 Ra5 45.
Rd8 Ra7 46. Rc8+ Rc7 47. Rb8 Kc5 48. Kd3 Rf7 49. Ke4 b5 50. Rc8+ Kb4 51. Rb8
Kc4 52. Rc8+ Kb3 0-1

[Event "Alberta-ch Seniors"]
[Site "Edmonton CAN"]
[Date "2019.05.11"]
[Round "2"]
[White "Purewal, Sardul"]
[Black "Scholz, Mike"]
[Result "1-0"]
[WhiteElo "1967"]
[BlackElo "1440"]
[PlyCount "75"]
[EventDate "2019.05.11"]
[EventType "swiss"]
[EventRounds "5"]
[EventCountry "CAN"]

1. d4 Nf6 2. c4 g6 3. Nf3 d6 4. Nc3 Bg7 5. h3 O-O 6. e4 Nbd7 7. Be2 b6 8. O-O
Ne8 9. Be3 e6 10. Qd2 f6 11. Rad1 Qe7 12. Rfe1 Qf7 13. b4 c6 14. d5 cxd5 15.
cxd5 e5 16. Rc1 Qe7 17. Nb5 Ba6 18. Nc7 Nxc7 19. Rxc7 Bxe2 20. Qxe2 Rfc8 21.
Rec1 Rxc7 22. Rxc7 a6 23. Bxb6 Rb8 24. Qxa6 Rxb6 25. Qxb6 Nxb6 26. Rxe7 Bf8 27.
Rb7 Na4 28. Nd2 h5 29. Nc4 Nc3 30. f3 Nxa2 31. b5 Nb4 32. Rd7 Nd3 33. b6 Nc5
34. Rc7 Na6 35. Ra7 Nc5 36. b7 Nd7 37. Ra8 f5 38. Rd8 1-0